000 00807nam a22003137a 4500
003 OSt
005 20140331134404.0
008 140331b xxu||||| |||| 00| 0 eng d
020 _a9780590999441
050 _aLB 1049.9
_b.St916s69 1997
100 _aStribling, Anne.
245 _aAll on a saturday night :
_ba song about friendship /
_cAnne Stribling.
260 _aUSA :
_bScholastic Inc.,
_cc1997.
300 _a15 p. :
_bcol. ill. ;
_c14 cm.
521 _aG1
526 _c200
650 _aReaders (Primary)
650 _aReading
_xPhonetic method.
650 _aFriendship
_xSongs and music.
942 _2lcc
_cBK
999 _c48803
_d48803